| 000 | 01802nam0a2200409 4500 | ||
|---|---|---|---|
| 001 | RU\NLR\BIBL_A\012643252 | ||
| 005 | 20220321102206.0 | ||
| 010 |
_a978-5-04-119340-9 _93000 |
||
| 021 |
_aRU _bКН-П-21-045699 _9КН-П-21-3603 |
||
| 035 | _a(NLR Aleph) 012643252 | ||
| 090 |
_a12702470 _c12702470 |
||
| 100 | _a20211116d2021 u y0rusy50 ca | ||
| 101 | 0 | _arus | |
| 102 | _aRU | ||
| 105 | _ay|||w||||||z| | ||
| 181 | 0 |
_ai _baxxe |
|
| 182 | 0 | _an | |
| 200 | 1 |
_aОб истинном монашестве _eкак сегодня жить в чистоте и святости среди пороков _e[семья. Работа. Церковь. Общество] _fКонстантин Бендас |
|
| 203 |
_aТекст _bвизуальный _cнепосредственный |
||
| 210 |
_aМосква _cЭксмо _d2021 |
||
| 215 |
_a221, [1] с. _d21 |
||
| 225 | 1 | _aРелигиозный бестселлер | |
| 300 | _aНа 119-й с. авт.: епископ Константин Бендас | ||
| 320 | _aБиблиогр.: с. 220-222 | ||
| 333 | _a16+ | ||
| 517 | 1 | _aКак сегодня жить в чистоте и святости среди пороков | |
| 517 | 1 | _aСемья. Работа. Церковь. Общество | |
| 606 | 1 |
_aДуховенство протестантское _yРоссия _92415940 _3RU\NLR\AUTH\6601658008 |
|
| 606 | 1 |
_aПятидесятники _yРоссийская Федерация _92415945 _3RU\NLR\AUTH\6601658010 |
|
| 686 | 2 | _aЭ376.26-39(2)74-63 | |
| 700 | 1 |
_aБендас _bК. В. _f1974- _gКонстантин Владимирович |
|
| 942 | _cBOOK | ||
| 980 | _aNB | ||